Multivariate statistics for wildlife and ecology research

Saved in:
Bibliographic Details
Main Authors: McGarigal, Kevin (autor), Cushman, Sam (Author), Stafford, Susan (Author)
Format: Book
Language:English
Published: Nueva York Springer 2000
Subjects:
Tags: Add Tag
No Tags, Be the first to tag this record!

MARC

LEADER 00000nam a2200000 a 4500
001 UCK6550
003 CL-VaPUC
008 051007e20000000US |||||||||||||||||eng|d
020 |a 0387986421 
082 0 4 |a 577.0727  |b MCG  |2 21 
100 |a McGarigal, Kevin  |e autor  |9 495923 
700 0 |a Cushman, Sam  |e author  |9 495924 
700 0 |a Stafford, Susan  |e author  |9 495925 
245 1 0 |a Multivariate statistics for wildlife and ecology research 
300 |a 283 p 
942 |c BK 
945 |d 20051007 00:00:00  |a jcarroza 
260 |a Nueva York  |b Springer  |c 2000 
650 7 |a ECOLOGIA ANIMAL  |2 CL-VaPUC  |9 495926 
650 0 |a Análisis estadístico  |9 269506 
650 0 |a Análisis multivariado  |9 369185 
583 |a last modification  |c 20051007 00:00:00  |k Rodrigo Vera 
999 |c 314827  |d 314825 
952 |0 0  |1 0  |4 0  |6 577_072700000000000_MCG_2000  |7 0  |8 A  |9 387577  |a BIBGIM  |b BIBGIM  |d 2019-11-22  |i 4172205  |o 577.0727 MCG 2000  |p 4172205  |r 2025-01-15  |w 2019-11-22  |y BK  |k EST